Normal view MARC view
  • Dr Muhammad Maqbool Sadiq Lt Col

Entry Personal Name

Number of records used in: 1

001 - CONTROL NUMBER

  • control field: 48357

003 - CONTROL NUMBER IDENTIFIER

  • control field: NUST

005 - DATE AND TIME OF LATEST TRANSACTION

  • control field: 20210314134034.0

008 - FIXED-LENGTH DATA ELEMENTS

  • fixed length control field: 210314|| aca||aabn | a|a d

040 ## - CATALOGING SOURCE

  • Original cataloging agency: NUST
  • Transcribing agency: NUST

100 ## - HEADING--PERSONAL NAME

  • Personal name: Dr Muhammad Maqbool Sadiq Lt Col

670 ## - SOURCE DATA FOUND

  • Source citation: Work cat.: (NUST): Ahmad Bilal 26125, Using waste glass and recyeled aggregate & it's cost effect analysis as compared to normal concrete, 2014
© 2023 Central Library, National University of Sciences and Technology. All Rights Reserved.